[Event "Sochi ChessAmateur op10"]
[Site "Sochi"]
[Date "2018.10.17"]
[Round "8"]
[White "Sukhareva, Evgenia"]
[Black "Krylov, Aleksey"]
[Result "1/2-1/2"]
[WhiteElo "2125"]
[BlackElo "2229"]
[PlyCount "64"]
[EventDate "2018.10.12"]
[EventType "swiss"]
[EventRounds "9"]
[EventCountry "RUS"]
[SourceTitle "CBM 187 Extra"]
[Source "ChessBase"]
[SourceDate "2018.11.04"]
[SourceVersion "1"]
[SourceVersionDate "2018.11.04"]
[SourceQuality "1"]

1. d4 Nf6 2. c4 e6 3. Nc3 Bb4 4. Qc2 0-0 5. e4 d5 6. e5 Ne4 7. Bd3 c5 8. Nf3 Nc6 9. 0-0 Nxd4 10. Nxd4 cxd4 11. Nxe4 dxe4 12. Bxe4 g6 13. a3 Be7 14. Bh6 Re8 15. Rad1 Qc7 16. f4 Rd8 17. Kh1 Rb8 18. b4 b6 19. Rd2 Ba6 20. Rfd1 Qxc4 21. Qxc4 Bxc4 22. Rxd4 Bb3 23. R1d3 Bc2 24. Rxd8+ Bxd8 25. Rd4 Bxe4 26. Rxe4 Rc8 27. h3 Rc7 28. Rd4 Be7 29. h4 f6 30. Kh2 Kf7 31. g3 Ke8 32. Kh3 f5 1/2-1/2

[Event "Sochi ChessAmateur op10"]
[Site "Sochi"]
[Date "2018.10.13"]
[Round "2"]
[White "Filipets, Egor"]
[Black "Krylov, Aleksey"]
[Result "1-0"]
[WhiteElo "2321"]
[BlackElo "2229"]
[PlyCount "57"]
[EventDate "2018.10.12"]
[EventType "swiss"]
[EventRounds "9"]
[EventCountry "RUS"]
[SourceTitle "CBM 187 Extra"]
[Source "ChessBase"]
[SourceDate "2018.11.04"]
[SourceVersion "1"]
[SourceVersionDate "2018.11.04"]
[SourceQuality "1"]

1. c4 e6 2. g3 Nf6 3. Bg2 d5 4. d4 Be7 5. Nf3 0-0 6. 0-0 dxc4 7. Ne5 Nc6 8. Nxc6 bxc6 9. Na3 Bxa3 10. bxa3 Nd5 11. Qd2 Ba6 12. Qa5 Qc8 13. Rb1 Rd8 14. a4 c3 15. Re1 Bc4 16. e4 c2 17. Rb2 Nb6 18. Rxc2 Rxd4 19. Bb2 Rd7 20. Qc3 Qf8 21. a5 Rd3 22. Qe5 f6 23. Qxc7 Qb4 24. Rec1 Rad8 25. h4 Rd1+ 26. Kh2 Qxa5 27. Rxd1 Rxd1 28. Qxc6 Qb4 29. Rxc4 1-0